00625nam a2200193Ia 450000500170000000800410001704000190005804100120007708200130008910000250010224501110012725000120023826000440025030000230029450400500031765000280036770000260039585000100042120230713090310.0131103s9999 xx 000 0 und d aLoreto College aEnglish a973bMOR aMorison,Samuel Eliot 4aThe Growth of the American RepubliccSamuel Eliot Morison,Henry Steele Commager and William E.Leuchtemburg a6th ed. aNew YorkbOxford University Pressc1969 axxii,923 p.b ill. aIncludes bibliographical references and index aUnited States - History aCommager,Henry Steele aLCLIB